000 03783 am a2201213 a 4500
005 20240625084024.0
008 100624s2000||||sp # f |||| 001 0 spa d
020 _a8448602552
041 _aspa
092 _c362.1
_l72
_sRAK
100 1 _aRakel, Robert E.
_91159
245 _aCompendio de práctica médica en atención primaria /
_cRobert E. Rakel.
250 _a2a ed. en español
_bTraducción María José Moreno Echanove ; Ignacio Navascues Benlloch y Marcos Peraza Sánchez.
260 _aMadrid:
_bMcGraw Hill Interamericana;
_c2000.
300 _a642 p.
500 _aRakel, R. E. (2000). Compendio de práctica médica en atención primaria. (2a ed.). Madrid : McGraw Hill Interamericana.
653 _aMedico de familia
653 _aEtica en la medicina de la familia
653 _aDinámica y salud familiares
653 _aCumplimiento
653 _aPrevención de las enfermedades
653 _aProceso de consulta
653 _aHistoria clínica orientada a los problemas
653 _aSolución de problemas en medicina de familia
653 _aInterpretación de las pruebas de laboratorio
653 _aSelección de los estudios de imagen
653 _aMedicina gestionada
653 _aFundamentos de la prescripción
653 _aVacunaciones
653 _aEstudio de casos:
653 _aPérdida de peso y diarrea
653 _aTos crónica
653 _aFiebre y dolor torácico
653 _aDisnea
653 _aBronquitis aguda
653 _aVisión borrosa
653 _aOtalgia
653 _aCongestión sinusal
653 _aMareos
653 _aFaringitis
653 _aLeucoplasia oral
653 _aCongestión nasal
653 _aSibilancias
653 _aDiarrea
653 _aEmbarazo
653 _aCuidados del recién nacido
653 _aHiperactividad
653 _aTalla corta
653 _aExploración física preescolar
653 _aDolor abdominal
653 _aBultos en la mama
653 _aReparación de las heridas
653 _aSecreción vaginal
653 _aAmenorrea
653 _aSangrado vaginal posmenopáusico
653 _aAnticoncepción
653 _aAnomalías en la citología vaginal
653 _aMenopausia
653 _aDolor torácico
653 _aDisnea
653 _aHipertensión
653 _aHipercolesterolemia
653 _aFibrilación auricular
653 _aLesiones de la rodilla
653 _aDolor en el cuello
653 _aDolor en el hombro de un deportista aficionado
653 _aDolor en el codo
653 _aDolor en la muñeca y la mano
653 _aLumbago
653 _aLesiones del tobillo
653 _aDolor y rigidez articular
653 _aPápulas
653 _aEccema
653 _aAcné
653 _aExantema y fiebre
653 _aObesidad
653 _aDiabetes tipo II
653 _aAdelgazamiento
653 _aDesnutrición en el anciano
653 _aTrastornos de la alimentación
653 _aAcidez
653 _aEstreñimiento
653 _aAstenia y anemia
653 _aAnemia
653 _aVómitos y dolor lumbar
653 _aHematuria
653 _aDisuria
653 _aNicturia
653 _aIncontinencia urinaria
653 _aCefalea
653 _aTemblores
653 _aNiño con fiebre y letargo
653 _aAnsiedad crónica
653 _aTrastornos del sueño
653 _aAnsiedad relacionada con accidentes de vehículo motor
653 _aViolencia doméstica
653 _aPérdida de la memoria
653 _aAlcoholismo
653 _aEnfoque de los pacientes que fuman
653 _aCáncer terminal y dolor
930 _a1538
930 _a1539
942 _2ddc
_cBK
999 _c421
_d421